[Event "Departementale Loire 2007"]
[Site "Aurec"]
[Date "2007.05.06"]
[Round "1.1"]
[White "Bastien, Daniel"]
[Black "Clement, Paul"]
[Result "1/2-1/2"]
[WhiteElo "1780"]
[BlackElo "2033"]
[PlyCount "60"]
[EventDate "2007.05.06"]

1. c4 Nf6 2. Nc3 e6 3. Nf3 b6 4. g3 Bb7 5. Bg2 Be7 6. O-O O-O 7. d3 Na6 8. a3
c5 9. Rb1 Qc8 10. Bd2 d5 11. cxd5 exd5 12. Na4 Nc7 13. b4 c4 14. dxc4 dxc4 15.
Rc1 b5 16. Nc3 Rd8 17. Qc2 a5 18. bxa5 Bxa3 19. Ra1 b4 20. Nb1 Nb5 21. Nxa3
Nxa3 22. Qc1 Rxd2 23. Nxd2 Bxg2 24. Kxg2 Rxa5 25. Nxc4 Qc6+ 26. Kg1 Nxc4 27.
Rxa5 Nxa5 28. Qxc6 Nxc6 29. Rc1 Ne7 30. Rc4 g6 1/2-1/2

[Event "Departementale Loire 2007"]
[Site "Aurec"]
[Date "2007.05.06"]
[Round "1.2"]
[White "Petit, Didier"]
[Black "Kotur, Sava"]
[Result "1/2-1/2"]
[WhiteElo "1926"]
[BlackElo "1520"]
[PlyCount "100"]
[EventDate "2007.05.06"]

1. e4 d5 2. e5 e6 3. d4 Ne7 4. Bd3 a6 5. Nf3 Nbc6 6. Bg5 h6 7. Be3 Nf5 8. c3
Nxe3 9. fxe3 Be7 10. O-O Bg5 11. e4 Ne7 12. Nxg5 hxg5 13. Qf3 Rf8 14. Nd2 Ng6
15. exd5 Nf4 16. Bc2 Qxd5 17. Be4 Qb5 18. Rab1 Rb8 19. c4 Qd7 20. d5 Qa4 21. a3
Qa5 22. Nb3 Qb6+ 23. c5 Qb5 24. g3 Nxd5 25. Bxd5 exd5 26. Qc3 Be6 27. Nd4 Qd7
28. c6 bxc6 29. Nxc6 Rb6 30. Rbc1 Rxc6 31. Qxc6 Qxc6 32. Rxc6 Ke7 33. Rxa6 Rb8
34. b4 Bf5 35. Kf2 Bd3 36. Ra7 Bc4 37. Ke3 Rc8 38. Kd4 Ke6 39. g4 f6 40. Re1 f5
41. gxf5+ Kxf5 42. e6 Bb5 43. Ra5 Be8 44. Rxd5+ Kf6 45. Rf1+ Kxe6 46. Rxg5 g6
47. Re5+ Kd7 48. Rf8 g5 49. Kc5 Rb8 50. a4 Ra8 1/2-1/2

[Event "Departementale Loire 2007"]
[Site "Aurec"]
[Date "2007.05.06"]
[Round "1.3"]
[White "Garon, Pierre"]
[Black "Gregoire, Michele"]
[Result "0-1"]
[WhiteElo "1910"]
[BlackElo "1530"]
[PlyCount "128"]
[EventDate "2007.05.06"]

1. e3 d5 2. b3 e6 3. Bb2 Nf6 4. Nc3 c6 5. f4 g6 6. h4 Bg7 7. h5 Ne4 8. h6 Bxc3
9. Bxc3 Nxc3 10. dxc3 Qf6 11. Nf3 Nd7 12. Bd3 Qxc3+ 13. Kf2 Nc5 14. g4 f5 15.
gxf5 exf5 16. Ng5 Ne6 17. Nxh7 Rxh7 18. Qg1 Qf6 19. Qg2 Bd7 20. Rag1 Nf8 21. c4
Qb2+ 22. Kf3 Qxg2+ 23. Rxg2 Be6 24. cxd5 Bxd5+ 25. e4 Bxe4+ 26. Bxe4 fxe4+ 27.
Kxe4 O-O-O 28. Rc2 Kc7 29. f5 gxf5+ 30. Kxf5 Rd6 31. b4 a6 32. a4 b6 33. b5
axb5 34. axb5 c5 35. Ra2 Kb7 36. Ra6 Rdxh6 37. Rxh6 Rxh6 38. Kg5 Rd6 39. Kf5
Nd7 40. Ra2 c4 41. Rc2 Rd5+ 42. Ke4 Rxb5 43. Rxc4 Nc5+ 44. Ke3 Rb3+ 45. Ke2 Kc6
46. Rh4 b5 47. Rh5 b4 48. Rh6+ Kb5 49. Rh8 Ne4 50. Re8 Nc3+ 51. Kd2 Rb2+ 52.
Kd3 Rh2 53. Rb8+ Ka4 54. Ra8+ Kb3 55. Ra7 Rh3+ 56. Kd2 Kb2 57. Rb7 b3 58. Rc7
Ne4+ 59. Ke2 Rc3 60. Rb7 Kc2 61. Rb4 Ng3+ 62. Ke1 b2 63. Rb8 b1=Q+ 64. Rxb1
Kxb1 0-1

[Event "Departementale Loire 2007"]
[Site "Aurec"]
[Date "2007.05.06"]
[Round "1.4"]
[White "Oriol, Nicolas"]
[Black "Zennaf, Karim"]
[Result "0-1"]
[WhiteElo "1950"]
[BlackElo "1390"]
[PlyCount "52"]
[EventDate "2007.05.06"]

1. e4 c5 2. f4 e6 3. Nc3 Ne7 4. Nf3 g6 5. g3 Bg7 6. Bg2 O-O 7. d3 d5 8. e5 Nbc6
9. Ne2 b5 10. Be3 d4 11. Bf2 Nd5 12. O-O Nce7 13. Qd2 Nf5 14. Ne1 Rb8 15. Kh1
Nde3 16. Rg1 Nxg2 17. Nxg2 Bb7 18. Rge1 Qd5 19. Rg1 h5 20. c3 f6 21. exf6 Bxf6
22. Qe1 Qf3 23. Rc1 h4 24. gxh4 Qg4 25. Qf1 Bxh4 26. Rc2 Kg7 0-1

[Event "Departementale Loire 2007"]
[Site "Aurec"]
[Date "2007.05.06"]
[Round "1.1"]
[White "Moleins, Adrien"]
[Black "Deville, Olivier"]
[Result "1-0"]
[WhiteElo "1760"]
[BlackElo "2036"]
[Annotator "DEVILLE"]
[PlyCount "59"]
[EventDate "2007.05.06"]

1. e4 c5 2. b3 Nc6 3. Bb2 d6 4. g3 Nf6 5. Bg2 Bg4 6. Ne2 Nd4 7. Bxd4 cxd4 8. d3
Qa5+ 9. Nd2 e5 10. O-O Rc8 11. Nc4 Qc7 12. a4 Qd7 13. Qd2 b6 14. f4 Bxe2 15.
Qxe2 Qe6 16. fxe5 dxe5 17. Rf5 Nd7 18. Bh3 Be7 19. Kg2 Qc6 20. Rxf7 Kxf7 21.
Bxd7 Qxd7 22. Nxe5+ Ke8 23. Nxd7 Kxd7 24. Rc1 g6 25. e5 Ba3 26. Rf1 Rhf8 27.
Rf2 Bc1 28. Qg4+ Ke7 29. Qxd4 Rxf2+ 30. Qxf2 (30. Kxf2) 1-0

[Event "Departementale Loire 2007"]
[Site "Aurec"]
[Date "2007.05.06"]
[Round "1.2"]
[White "Chabas, Jean-Luc"]
[Black "Minchilli, Franco"]
[Result "0-1"]
[WhiteElo "1570"]
[BlackElo "1750"]
[PlyCount "66"]
[EventDate "2007.05.06"]

1. e4 e5 2. Nf3 Nf6 3. Nxe5 d6 4. Nf3 Nxe4 5. d4 d5 6. Be2 Be7 7. O-O O-O 8.
Bf4 Nc6 9. h3 Bf5 10. a3 g5 11. Be3 g4 12. hxg4 Bxg4 13. Nh2 Bf5 14. Nd2 Kh8
15. Rc1 Rg8 16. Bf3 Bg5 17. Qe2 Rg7 18. c3 Qg8 19. Rfd1 Re8 20. Qf1 Bxe3 21.
fxe3 Bh3 22. Rc2 Ng5 23. Nb3 Rxe3 24. Rdd2 Bf5 25. Rc1 Ne4 26. Rcd1 Nxd2 27.
Rxd2 Be4 28. Rf2 Bd3 29. Qd1 Be4 30. Qf1 Ne7 31. Nc1 Ng6 32. Re2 Rxe2 33. Nxe2
Nh4 0-1

[Event "Departementale Loire 2007"]
[Site "Aurec"]
[Date "2007.05.06"]
[Round "1.3"]
[White "Moleins, Jean-Pierre"]
[Black "Mialon, Franck"]
[Result "1-0"]
[WhiteElo "1710"]
[BlackElo "1330"]
[PlyCount "47"]
[EventDate "2007.05.06"]

1. e4 e5 2. Nf3 Nc6 3. c3 d6 4. h3 Be6 5. Bb5 Nge7 6. d4 exd4 7. cxd4 Bd7 8.
O-O Ng6 9. Qb3 h6 10. Bc4 Na5 11. Bxf7+ Ke7 12. Qd5 c6 13. Qh5 Kxf7 14. g3 Qc8
15. Nh4 Bxh3 16. Qxg6+ Kg8 17. Nf5 Bxf5 18. exf5 h5 19. f6 Qd7 20. Nc3 h4 21.
Re1 h3 22. Kh2 c5 23. Re7 Bxe7 24. Qxg7# 1-0

[Event "Departementale Loire 2007"]
[Site "Aurec"]
[Date "2007.05.06"]
[Round "1.4"]
[White "Camilliere, Marc"]
[Black "Allabrune, Guillaume"]
[Result "0-1"]
[WhiteElo "1199"]
[BlackElo "1270"]
[PlyCount "54"]
[EventDate "2007.05.06"]

1. e4 e5 2. Nf3 Nc6 3. c3 Nf6 4. d3 d6 5. h3 Be6 6. Be3 Be7 7. Be2 O-O 8. O-O
Qd7 9. Re1 Rfe8 10. Nbd2 Bxh3 11. gxh3 Qxh3 12. Bf1 Qg4+ 13. Bg2 h5 14. Nf1 g6
15. N1h2 Qe6 16. Ng5 Qd7 17. d4 Bd8 18. Kh1 Na5 19. Bc1 Nc4 20. Rg1 Nh7 21.
Nhf3 Nxg5 22. Nxg5 Bxg5 23. Bxg5 Nxb2 24. Qf3 Rf8 25. Qe3 Nc4 26. Qe2 Na5 27.
Bf3 Qh3# 0-1

[Event "Departementale Loire 2007"]
[Site "Aurec"]
[Date "2007.05.06"]
[Round "1.1"]
[White "Valet, Godeffroy"]
[Black "Desassis, Gregoire"]
[Result "1-0"]
[WhiteElo "1999"]
[BlackElo "1620"]
[PlyCount "47"]
[EventDate "2007.05.06"]

1. e4 e6 2. d4 d5 3. e5 c5 4. Nf3 Nc6 5. c3 Qb6 6. Bd3 Bd7 7. Bc2 Nge7 8. O-O
Nf5 9. Bxf5 exf5 10. Na3 cxd4 11. cxd4 Bb4 12. Nc2 Ba5 13. b3 Qb5 14. b4 Bb6
15. a4 Qc4 16. Nd2 Qc3 17. Ra3 Bxd4 18. Rxc3 Bxc3 19. f4 Nxb4 20. Nxb4 Bxb4 21.
Qb3 Bc5+ 22. Kh1 Bc6 23. Ba3 Be3 24. Qxe3 1-0

[Event "Departementale Loire 2007"]
[Site "Aurec"]
[Date "2007.05.06"]
[Round "1.2"]
[White "Desassis, Maxence"]
[Black "Joly, Christian"]
[Result "0-1"]
[WhiteElo "1650"]
[BlackElo "1590"]
[PlyCount "104"]
[EventDate "2007.05.06"]

1. d4 Nf6 2. Nf3 g6 3. e3 Bg7 4. Bd3 O-O 5. Nbd2 b6 6. b3 Bb7 7. Bb2 d6 8. O-O
c5 9. c3 Na6 10. Qe2 Nc7 11. e4 Re8 12. d5 e6 13. c4 exd5 14. cxd5 Ncxd5 15.
Bb5 Re7 16. Qd3 Nf4 17. Qc3 Ne2+ 18. Bxe2 Qf8 19. Qd3 Rd8 20. Bxf6 Bxf6 21.
Rad1 Qe8 22. Qb5 Bc6 23. Qa6 Bxe4 24. Nxe4 Rxe4 25. Bb5 Qe7 26. Rfe1 d5 27.
Rxe4 dxe4 28. Rxd8+ Qxd8 29. Ne1 Qd1 30. Qxa7 Qxe1+ 31. Bf1 Bd4 32. Qb8+ Kg7
33. Qf4 Kf8 34. g3 e3 35. Qf3 Qxf2+ 36. Qxf2 exf2+ 37. Kg2 Ke7 38. Kf3 f5 39.
Kf4 Kf6 40. h4 h6 41. g4 fxg4 42. Kxg4 Ke5 43. Bd3 Be3 44. Kf3 Bd4 45. Kg4 Bc3
46. h5 g5 47. Kf3 Kd4 48. Bc4 Be1 49. a4 Ke5 50. Ke3 g4 51. Bd3 g3 52. Kf3 Kd4
0-1

[Event "Departementale Loire 2007"]
[Site "Aurec"]
[Date "2007.05.06"]
[Round "1.3"]
[White "Furnon, Yannick"]
[Black "Desassis, Jean-Francois"]
[Result "1/2-1/2"]
[WhiteElo "1690"]
[BlackElo "1530"]
[PlyCount "45"]
[EventDate "2007.05.06"]

1. d4 f5 2. Nf3 Nf6 3. Bg5 e6 4. Nbd2 Be7 5. e3 O-O 6. Be2 b6 7. O-O Bb7 8. Ne5
d6 9. Nd3 Qe8 10. Nf4 Qf7 11. Bc4 d5 12. Bb5 h6 13. Nf3 c6 14. Bxf6 Bxf6 15.
Be2 g5 16. Nd3 Nd7 17. Nfe5 Nxe5 18. Nxe5 Qg7 19. f4 g4 20. g3 h5 21. Kg2 Rac8
22. Rh1 c5 23. c3 $11 1/2-1/2

[Event "Departementale Loire 2007"]
[Site "Aurec"]
[Date "2007.05.06"]
[Round "1.4"]
[White "Desassis, Emmeran"]
[Black "Martin, Julien"]
[Result "1/2-1/2"]
[WhiteElo "1080"]
[BlackElo "1440"]
[PlyCount "93"]
[EventDate "2007.05.06"]

1. d4 d5 2. Nf3 Nc6 3. e3 e6 4. Nbd2 Nf6 5. b3 Bd6 6. Bb2 O-O 7. Rc1 Re8 8. c4
b6 9. c5 bxc5 10. dxc5 Be7 11. Bb5 Bd7 12. Qe2 Qc8 13. Ba6 Qd8 14. O-O Nb8 15.
Bb5 c6 16. Bd3 Qa5 17. Bc2 Bxc5 18. Qd3 g6 19. Bc3 Qa6 20. Bxf6 Qxd3 21. Bxd3
Bd6 22. Rfe1 e5 23. e4 Re6 24. exd5 Rxf6 25. Ne4 Rf4 26. Nxd6 cxd5 27. Nxe5 Rf6
28. Ndxf7 Rxf7 29. Nxf7 Kxf7 30. Rc5 Be6 31. a4 Na6 32. Bxa6 Rd8 33. b4 d4 34.
a5 d3 35. b5 d2 36. Rd1 Bb3 37. Rc7+ Kf6 38. Rc6+ Kg7 39. Rxd2 Rxd2 40. h3 Ra2
41. Rc7+ Kh6 42. Rxa7 Rxa5 43. b6 Bd5 44. Bc4 Rxa7 45. bxa7 Bc6 46. Bb5 Bd5 47.
g4 1/2-1/2

[Event "Departementale Loire 2007"]
[Site "Aurec"]
[Date "2007.05.06"]
[Round "2.1"]
[White "Clement, Paul"]
[Black "Desassis, Gregoire"]
[Result "1-0"]
[WhiteElo "2033"]
[BlackElo "1620"]
[PlyCount "51"]
[EventDate "2007.05.06"]

1. Nf3 d5 2. g3 Nf6 3. Bg2 e6 4. d3 c5 5. Nbd2 Nc6 6. O-O Bd6 7. e4 O-O 8. Qe2
dxe4 9. dxe4 e5 10. c3 Be6 11. h3 Qd7 12. Ng5 Rad8 13. Nxe6 Qxe6 14. Nc4 Be7
15. Bg5 Nd5 16. exd5 Qd7 17. dxc6 bxc6 18. Bxe7 Qxe7 19. Rad1 f6 20. Bxc6 Qe6
21. Bg2 Qf5 22. Ne3 Qg6 23. Rxd8 Rxd8 24. Rd1 Rb8 25. Qc4+ Kf8 26. Qxc5+ 1-0

[Event "Departementale Loire 2007"]
[Site "Aurec"]
[Date "2007.05.06"]
[Round "2.2"]
[White "Desassis, Maxence"]
[Black "Petit, Didier"]
[Result "0-1"]
[WhiteElo "1650"]
[BlackElo "1926"]
[PlyCount "61"]
[EventDate "2007.05.06"]

1. d4 Nf6 2. Nf3 e6 3. e3 d5 4. Bd3 c5 5. b3 Nc6 6. c3 Bd6 7. Nbd2 cxd4 8. cxd4
O-O 9. a3 e5 10. e4 Bg4 11. exd5 Nxd4 12. Bb2 Nxf3+ 13. Nxf3 e4 14. Bxf6 Qxf6
15. Bxe4 Rfe8 16. Qd3 Qxa1+ 17. Ke2 Qxh1 18. Kd2 Bxf3 19. Qxf3 Rac8 20. Qf5
Qc1+ 21. Ke2 Rxe4+ 22. Qxe4 Qc2+ 23. Qxc2 Rxc2+ 24. Ke3 Rc3+ 25. Kd4 Rxb3 26.
h4 Rxa3 27. g4 Kf8 28. f4 Ra4+ 29. Kc3 Rxf4 30. g5 Ra4 31. Kd3 0-1

[Event "Departementale Loire 2007"]
[Site "Aurec"]
[Date "2007.05.06"]
[Round "2.3"]
[White "Garon, Pierre"]
[Black "Desassis, Jean-Francois"]
[Result "1-0"]
[WhiteElo "1910"]
[BlackElo "1530"]
[PlyCount "34"]
[EventDate "2007.05.06"]

1. d4 f5 2. Nc3 Nf6 3. Bg5 e6 4. Qd3 b6 5. O-O-O Be7 6. f3 O-O 7. g4 fxg4 8. e4
Nxe4 9. Bxe7 Nf2 10. Qe2 Qxe7 11. Qxf2 Bb7 12. Bg2 Qg5+ 13. Kb1 Nc6 14. Qg3 Ne7
15. fxg4 Bxg2 16. Qxg2 Rf4 17. Qxa8+ Kf7 1-0

[Event "Departementale Loire 2007"]
[Site "Aurec"]
[Date "2007.05.06"]
[Round "2.4"]
[White "Desassis, Emmeran"]
[Black "Zennaf, Karim"]
[Result "0-1"]
[WhiteElo "1080"]
[BlackElo "1950"]
[PlyCount "48"]
[EventDate "2007.05.06"]

1. d4 Nf6 2. Nf3 g6 3. e3 Bg7 4. Bd3 d5 5. O-O O-O 6. Nbd2 c5 7. b3 Nc6 8. Bb2
b6 9. Rc1 Bb7 10. c4 cxd4 11. exd4 e6 12. cxd5 Nxd5 13. Ba3 Re8 14. Bb5 Rc8 15.
Ne5 Nxd4 16. Bxe8 Bxe5 17. Ba4 Rxc1 18. Bxc1 b5 19. Bxb5 Nc3 20. Qe1 Qd5 21. f3
Qxb5 22. Bb2 Nde2+ 23. Kh1 Bxh2 24. Kxh2 Qh5+ 0-1

[Event "Departementale Loire 2007"]
[Site "Aurec"]
[Date "2007.05.06"]
[Round "2.1"]
[White "Deville, Olivier"]
[Black "Valet, Godeffroy"]
[Result "1-0"]
[WhiteElo "2036"]
[BlackElo "1999"]
[PlyCount "107"]
[EventDate "2007.05.06"]

1. d4 e6 2. Nf3 Nf6 3. g3 Nc6 4. Bg2 Be7 5. O-O O-O 6. c4 d6 7. Nc3 e5 8. d5
Na5 9. Nd2 b6 10. b4 Nb7 11. Rb1 a5 12. a3 Bd7 13. e4 Qc8 14. f4 Bh3 15. f5
Bxg2 16. Kxg2 axb4 17. axb4 c5 18. b5 Kh8 19. g4 g6 20. g5 Nh5 21. f6 Nf4+ 22.
Rxf4 exf4 23. fxe7 Re8 24. Qf3 Rxe7 25. Qxf4 Qf8 26. Ne2 Kg8 27. Qf6 h5 28.
gxh6 Ree8 29. h7+ Kxh7 30. Rb3 Re5 31. Nf3 Qg7 32. Qxg7+ Kxg7 33. Nxe5 dxe5 34.
Ra3 Rxa3 35. Bxa3 Nd6 36. Nc3 Nxc4 37. Bc1 f6 38. Na4 g5 39. Kg3 Kg6 40. Kg4
Nd6 41. Nxb6 Nxb5 42. Be3 Nd4 43. Bxd4 exd4 44. Nc4 Kf7 45. Kf5 Ke7 46. d6+ Kd7
47. Kxf6 d3 48. Ke5 Kc6 49. Nd2 g4 50. Nb1 c4 51. Kd4 Kxd6 52. Kxc4 Ke5 53.
Kxd3 Kf4 54. Nd2 1-0

[Event "Departementale Loire 2007"]
[Site "Aurec"]
[Date "2007.05.06"]
[Round "2.2"]
[White "Joly, Christian"]
[Black "Chabas, Jean-Luc"]
[Result "1-0"]
[WhiteElo "1590"]
[BlackElo "1570"]
[PlyCount "45"]
[EventDate "2007.05.06"]

1. e4 c6 2. d4 d5 3. exd5 cxd5 4. c4 Bf5 5. c5 Nc6 6. Nf3 Nf6 7. Bb5 a6 8. Ba4
e6 9. O-O Be7 10. Nc3 Qd7 11. Re1 h6 12. Ne2 O-O 13. Bf4 Qc8 14. a3 Nd7 15. b4
Bf6 16. Bc2 Bxc2 17. Qxc2 Re8 18. Rad1 Qd8 19. Ng3 Rc8 20. Qd2 Ne7 21. Nh5 Ng6
22. Bg3 Rc6 23. Re2 1-0

[Event "Departementale Loire 2007"]
[Site "Aurec"]
[Date "2007.05.06"]
[Round "2.3"]
[White "Mialon, Franck"]
[Black "Furnon, Yannick"]
[Result "1-0"]
[WhiteElo "1330"]
[BlackElo "1690"]
[PlyCount "95"]
[EventDate "2007.05.06"]

1. e4 c6 2. d4 d5 3. exd5 cxd5 4. Nf3 Nf6 5. Nc3 Bg4 6. Be2 e6 7. Bf4 Bb4 8.
Bxb8 Bxf3 9. Bb5+ Nd7 10. Qxf3 Rxb8 11. O-O-O a6 12. Bxd7+ Qxd7 13. Rde1 Rc8
14. Re3 O-O 15. Qg4 Bxc3 16. bxc3 Qa4 17. Rg3 Qa3+ 18. Kd2 g6 19. Rh3 Qe7 20.
Re1 Rc4 21. f4 Qf6 22. Re5 Kh8 23. Ke2 Rfc8 24. Kd2 Ra4 25. Rg5 Rxa2 26. Qh4
Qg7 27. Qg4 Ra4 28. Rxd5 h5 29. Rdxh5+ gxh5 30. Rxh5+ Kg8 31. Rg5 Qxg5 32.
Qxg5+ Kf8 33. Qh6+ Ke7 34. Qg5+ Kf8 35. h4 Rac4 36. Qg3 Rxc3 37. Qxc3 Rxc3 38.
Kxc3 Kg7 39. g3 Kg6 40. Kb4 Kf5 41. h5 Kf6 42. g4 Kg7 43. c3 Kh7 44. h6 Kg6 45.
Ka5 b6+ 46. Kxb6 Kxh6 47. c4 Kg6 48. d5 1-0

[Event "Departementale Loire 2007"]
[Site "Aurec"]
[Date "2007.05.06"]
[Round "2.4"]
[White "Martin, Julien"]
[Black "Camilliere, Marc"]
[Result "1/2-1/2"]
[WhiteElo "1440"]
[BlackElo "1199"]
[PlyCount "97"]
[EventDate "2007.05.06"]

1. d4 c6 2. e4 d5 3. exd5 cxd5 4. Nf3 Nf6 5. Bb5+ Bd7 6. Bxd7+ Nbxd7 7. O-O e6
8. Nc3 Bd6 9. Nb5 Bc7 10. Ne5 O-O 11. Bg5 Bxe5 12. dxe5 Nxe5 13. c3 Qb6 14. Qb3
a5 15. Nd4 Qc7 16. Bxf6 Ng4 17. g3 Nxf6 18. Qc2 Rfe8 19. Nf3 Rad8 20. Ng5 g6
21. Rad1 Qe5 22. Nf3 Qh5 23. Rd4 Qxf3 24. Rf4 Qh5 25. Rxf6 Qh3 26. Qb3 Re7 27.
Qb6 Red7 28. Qd4 e5 29. Qxe5 d4 30. Rd1 dxc3 31. Rxd7 Rxd7 32. Qe8+ Kg7 33.
Rxf7+ Rxf7 34. Qe5+ Kg8 35. Qxc3 Rd7 36. Qc8+ Kf7 37. Qc4+ Kf6 38. Qc3+ Kf5 39.
Qxa5+ Kg4 40. Qa4+ Kf3 41. Qf4+ Ke2 42. Qe4+ Kd2 43. Qe3+ Kc2 44. Qc3+ Kb1 45.
Qe1+ Kxa2 46. Qa5+ Kxb2 47. Qb4+ Kc2 48. Qc4+ Kd2 49. Qf4+ 1/2-1/2

[Event "Departementale Loire 2007"]
[Site "Aurec"]
[Date "2007.05.06"]
[Round "2.1"]
[White "Bastien, Daniel"]
[Black "Moleins, Adrien"]
[Result "0-1"]
[WhiteElo "1780"]
[BlackElo "1760"]
[PlyCount "55"]
[EventDate "2007.05.06"]

1. c4 f5 2. Nc3 e6 3. Nf3 Nf6 4. d3 Be7 5. g3 d6 6. Bg2 O-O 7. O-O e5 8. Qb3
Kh8 9. e3 Nh5 10. Nd2 Nc6 11. Qd1 Qe8 12. Nd5 Bd8 13. f4 Nf6 14. Nxf6 Rxf6 15.
b3 exf4 16. exf4 Qe3+ 17. Kh1 Qxd3 18. Bb2 Re6 19. Rf3 Qe2 20. Rf1 Qxd1 21.
Raxd1 Bf6 22. Bxf6 Rxf6 23. Bxc6 bxc6 24. Rfe1 Re6 25. Rxe6 Bxe6 26. Re1 Re8
27. Nf3 d5 28. Ng5 0-1

[Event "Departementale Loire 2007"]
[Site "Aurec"]
[Date "2007.05.06"]
[Round "2.2"]
[White "Minchilli, Franco"]
[Black "Kotur, Sava"]
[Result "1-0"]
[WhiteElo "1750"]
[BlackElo "1520"]
[PlyCount "117"]
[EventDate "2007.05.06"]

1. e4 d5 2. exd5 Qxd5 3. Nc3 Qa5 4. d4 c6 5. Nf3 g6 6. Be2 Bg7 7. O-O Nf6 8. h3
O-O 9. Bf4 Qd8 10. Qd2 Nbd7 11. Bh6 Nd5 12. Bxg7 Kxg7 13. Rad1 N7f6 14. Ng5
Nxc3 15. Qxc3 Nd5 16. Qg3 Nf6 17. f4 Bf5 18. c3 Qa5 19. a3 Qa4 20. Bd3 Bxd3 21.
Rxd3 Qc2 22. Rf2 Qc1+ 23. Rf1 Qxb2 24. c4 Rad8 25. Rfd1 h6 26. Nf3 Ne4 27. Qe1
f5 28. Nd2 Nxd2 29. Qxe7+ Kg8 30. R3xd2 Qb3 31. Qe6+ Kg7 32. Re1 Qxa3 33. c5
Rd5 34. Rb1 Rf7 35. Rdb2 Qa6 36. Re2 Qd3 37. Rbe1 Qxd4+ 38. Kh1 Qxf4 39. Qc8
Rdd7 40. Re8 Kf6 41. Rf8 Qc4 42. Rxf7+ Qxf7 43. Qh8+ Qg7 44. Qe8 h5 45. Qe6+
Kg5 46. Qe3+ f4 47. h4+ Kh6 48. Qxf4+ Kh7 49. Qe4 a6 50. Qb1 Qd4 51. Qe4 Qxc5
52. Qe8 Qf5 53. Re7+ Rxe7 54. Qxe7+ Kg8 55. Qxb7 Qb5 56. Qc8+ Kf7 57. Qd7+ Kf6
58. Qd6+ Kf5 59. Qf8+ 1-0

[Event "Departementale Loire 2007"]
[Site "Aurec"]
[Date "2007.05.06"]
[Round "2.3"]
[White "Gregoire, Michele"]
[Black "Moleins, Jean-Pierre"]
[Result "1-0"]
[WhiteElo "1530"]
[BlackElo "1710"]
[PlyCount "54"]
[EventDate "2007.05.06"]

1. d4 d5 2. Nf3 Nf6 3. Bf4 e6 4. c3 Bd6 5. Bxd6 Qxd6 6. Nbd2 O-O 7. e3 b6 8.
Be2 c5 9. O-O c4 10. b3 b5 11. bxc4 bxc4 12. Ne5 Nbd7 13. f4 Ne8 14. e4 f6 15.
Nxd7 Bxd7 16. e5 Qa3 17. Qc1 Qa5 18. Bd1 Nc7 19. a4 Rab8 20. Qa3 Rb7 21. Bc2
Na6 22. Rfb1 Rfb8 23. Rxb7 Rxb7 24. Rb1 Rxb1+ 25. Nxb1 Nc7 26. g4 Nb5 27. axb5
Qxa3 1-0

[Event "Departementale Loire 2007"]
[Site "Aurec"]
[Date "2007.05.06"]
[Round "2.4"]
[White "Allabrune, Guillaume"]
[Black "Oriol, Nicolas"]
[Result "0-1"]
[WhiteElo "1270"]
[BlackElo "1390"]
[PlyCount "48"]
[EventDate "2007.05.06"]

1. e4 e5 2. Nf3 Nc6 3. Nc3 Nf6 4. d3 Bc5 5. Be2 d6 6. O-O O-O 7. Bd2 Be6 8. Re1
Re8 9. Na4 Nd7 10. Bg5 f6 11. Nxc5 Nxc5 12. Bd2 Qc8 13. h3 Ne7 14. Bf1 Ng6 15.
Qe2 Bd7 16. c3 Ne6 17. d4 Nef4 18. Qe3 Bxh3 19. Bc4+ Kh8 20. gxh3 Qxh3 21. Bf1
Qg4+ 22. Kh1 Nh4 23. Nh2 Qg6 24. Be2 Qg2# 0-1

[Event "Departementale Loire 2007"]
[Site "Aurec"]
[Date "2007.05.06"]
[Round "3.1"]
[White "Moleins, Adrien"]
[Black "Clement, Paul"]
[Result "0-1"]
[WhiteElo "1760"]
[BlackElo "2033"]
[PlyCount "100"]
[EventDate "2007.05.06"]

1. e4 e6 2. d4 d5 3. e5 c5 4. c3 Nc6 5. Nf3 Qb6 6. a3 Bd7 7. b4 cxd4 8. cxd4
Rc8 9. Be3 Nce7 10. Be2 Bb5 11. Nbd2 Qa6 12. a4 Bxe2 13. Qxe2 Qxe2+ 14. Kxe2
Nf5 15. b5 Ngh6 16. Rhc1 Kd7 17. Rxc8 Kxc8 18. Rc1+ Kd7 19. Nb3 b6 20. Bd2 Be7
21. h3 Bd8 22. Ne1 f6 23. g4 Nxd4+ 24. Nxd4 fxe5 25. Nc6 Bc7 26. Nd3 Nf7 27.
Ncxe5+ Bxe5 28. Nxe5+ Nxe5 29. Bf4 Nc4 30. Bg3 e5 31. f4 exf4 32. Bxf4 Re8+ 33.
Kf3 Rf8 34. Kg3 Re8 35. Rd1 Ke6 36. Re1+ Kf7 37. Rxe8 Kxe8 38. Bb8 Nb2 39. a5
bxa5 40. Bxa7 Kd7 41. Bd4 Na4 42. Bxg7 Nc5 43. h4 a4 44. g5 Ne6 45. Be5 a3 46.
Ba1 Kd6 47. Kg4 d4 48. Kf5 d3 49. Be5+ Kc5 50. Kxe6 d2 0-1

[Event "Departementale Loire 2007"]
[Site "Aurec"]
[Date "2007.05.06"]
[Round "3.2"]
[White "Petit, Didier"]
[Black "Minchilli, Franco"]
[Result "1-0"]
[WhiteElo "1926"]
[BlackElo "1750"]
[PlyCount "128"]
[EventDate "2007.05.06"]

1. d4 Nf6 2. Nf3 g6 3. Bf4 Bg7 4. e3 d5 5. c3 Bg4 6. Be2 O-O 7. Nbd2 Re8 8. h3
Bf5 9. Qb3 b6 10. Rc1 Ne4 11. c4 Nxd2 12. Nxd2 e5 13. dxe5 Bxe5 14. Bxe5 Rxe5
15. Nf3 dxc4 16. Bxc4 Re7 17. Ng5 Qe8 18. O-O h6 19. Nf3 c6 20. Nh4 Be6 21.
Bxe6 Rxe6 22. Rfd1 Nd7 23. Rd2 Nc5 24. Qd1 Ne4 25. Rd4 c5 26. Rd5 Qe7 27. Nf3
Qf6 28. Rc2 g5 29. Nh2 Qg6 30. f3 Ng3 31. e4 Rae8 32. Kf2 Nh5 33. Rcd2 Kg7 34.
Ng4 Nf6 35. Rd6 h5 36. Rxe6 Rxe6 37. Ne3 g4 38. Nf5+ Kh7 39. hxg4 hxg4 40. Qh1+
Qh5 41. Qxh5+ Nxh5 42. Rd7 Kg6 43. Rxa7 gxf3 44. gxf3 Kf6 45. Ke3 Ng7 46. Ng3
Kg6 47. f4 f5 48. e5 Ne8 $11 49. Rd7 Nf6 50. Rd8 Ne8 51. Kd3 b5 52. b3 Ng7 53.
Rc8 c4+ 54. bxc4 bxc4+ 55. Rxc4 Ra6 56. a4 Ne6 57. Ne2 Kh5 58. Kc3 Ra5 59. Kb4
Rd5 60. a5 Rd2 61. Nc3 Kg4 62. a6 Rd7 63. Nb5 Kf3 64. a7 Rd8 1-0

[Event "Departementale Loire 2007"]
[Site "Aurec"]
[Date "2007.05.06"]
[Round "3.3"]
[White "Moleins, Jean-Pierre"]
[Black "Garon, Pierre"]
[Result "0-1"]
[WhiteElo "1710"]
[BlackElo "1910"]
[PlyCount "104"]
[EventDate "2007.05.06"]

1. e4 Nf6 2. e5 Nd5 3. d4 d6 4. c4 Nb6 5. exd6 cxd6 6. Nf3 g6 7. Bd3 Bg7 8. O-O
O-O 9. Nc3 Bg4 10. Be4 Nc6 11. Qd3 Nb4 12. Qe3 d5 13. cxd5 N4xd5 14. Nxd5 Nxd5
15. Qb3 e6 16. Ne5 Be2 17. Re1 Ba6 18. Qf3 Rc8 19. Bd2 Qb6 20. Bc3 Nf6 21. d5
Nxe4 22. Qxe4 exd5 23. Qxd5 Rcd8 24. Nd7 Rxd7 25. Qxd7 Bxc3 26. bxc3 Bb5 27.
Qd4 Qxd4 28. cxd4 Bc6 29. Red1 Rd8 30. Rd2 Kf8 31. Re1 a6 32. f3 Rd7 33. Re3
Bd5 34. Re5 Kg7 35. Kf2 f6 36. Re3 Kf7 37. a3 Rc7 38. Rde2 b5 39. Ke1 Bc4 40.
Rd2 Rd7 41. Kf2 Bd5 42. Rde2 Rc7 43. g3 h6 44. f4 g5 45. fxg5 hxg5 46. h4 g4
47. Ke1 Bf3 48. Rh2 Rc1+ 49. Kd2 Ra1 50. Kc3 Rxa3+ 51. Kd2 Ra2+ 52. Kc3 Rxh2
0-1

[Event "Departementale Loire 2007"]
[Site "Aurec"]
[Date "2007.05.06"]
[Round "3.4"]
[White "Zennaf, Karim"]
[Black "Allabrune, Guillaume"]
[Result "1-0"]
[WhiteElo "1950"]
[BlackElo "1270"]
[PlyCount "41"]
[EventDate "2007.05.06"]

1. Nf3 Nc6 2. d4 d5 3. c4 Nf6 4. Nc3 e6 5. Bg5 Na5 6. Bxf6 Qxf6 7. Qa4+ Nc6 8.
cxd5 exd5 9. Nxd5 Qd6 10. Nc3 Bd7 11. e3 Nb4 12. Qd1 Bf5 13. Rc1 Qg6 14. Ne5
Qg5 15. a3 Nc2+ 16. Rxc2 Bxc2 17. Qxc2 f6 18. Qa4+ c6 19. Nxc6 bxc6 20. Qxc6+
Kf7 21. Qxa8 1-0